000 01136nam0a22002771 4500
001 rc\3295585
005 20130115145546.2
021 _aRU
_b75-ОЭ-121/7
021 _aRU
_bРг7581-75
035 _a(NLR Aleph) 007406000
090 _a6764204
_c6764204
100 _a20130115d1974 |||y0rusy50 ca
101 0 _arus
102 _aRU
105 _ay z |||||
200 1 _aСистема оценки технического уровня производства предприятия
_eМетод. рекомендации в помощь руководящим работникам и специалистам предприятий отрасли по изучению нормат. документов
210 _aРостов-на-Дону
_cБ. и.
_d1974
215 _a15 с.
_d20
300 _aПеред загл. авт.: Штофер Л.Д., в вып. дан. - преп. Штофер Л.Д.
320 _aБиблиогр.: с. 15
700 1 _aШтофер
_bЛ. Д.
_gЛев Давыдович
801 0 _aRU
_bNLR
_gpsbo
801 1 _aRU
_bELAR
_2rusmarc
852 _aNLR
_j75-4/3826
942 _cBOOK
980 _aNB